Opciones de manejo de la Pudrición del cogollo (PC) de la Palma de aceite en áreas de baja incidencia de la enfermedad. (Registro nro. 26521)

Detalles MARC
000 -ENCABEZADO
Número de control [NR] 05085nam a22004337i 4500
001 - NÚMERO DE CONTROL
control field B-11756
003 - IDENTIFICADOR DE CONTROL NÚMERO
control field CO-BoFNCP
007 - CAMPO DESCRIPCIÓN FÍSICA FIJA - INFORMACIÓN GENERAL
fixed length control field t||
008 - DE LONGITUD FIJA DE DATOS DE ELEMENTOS - INFORMACIÓN GENERAL
Elementos de longitud fija [NR] 090305s2008 ck r spa d
040 ## - FUENTE DE CATALOGACION [NR]
Agencia de catalogación original [NR] CO-BoFNCP
Idioma de catalogación [NR] Español
Quien Cataloga CO-BoFNCP
Convenciones de la descripción [NR] rda
041 ## - CODIGO DE IDIOMA [R]
Código de idioma para texto/pista de sonido o título separado [R] Español
043 ## - CODIGO DE AREA GEOGRAFICA [NR]
Código de área geográfica [R] ck
084 ## - OTRO NUMERO DE CLASIFICACION [R]
Número clasificador [R] A-
100 1# - ASIENTO PRINCIPAL--NOMBRE PERSONAL [NR]
Nombre personal [NR] Martínez L., Gerardo
ID Autoridad 33358,
Término relacionador [R] autor.
Relator code aut
245 10 - MENCION DE TITULO [NR]
Título [NR] Opciones de manejo de la Pudrición del cogollo (PC) de la Palma de aceite en áreas de baja incidencia de la enfermedad.
246 2# - FORMA VARIANTE DEL TITULO [R]
Título propiamente dicho/forma breve del título [NR] Microorganisms associated with bud rot in oil palm and their inoculation in nursery palms
264 #4 - PRODUCCIÓN, PUBLICACIÓN, DISTRIBUCIÓN, FABRICACIÓN Y COPYRIGHT
Fecha de producción, publicación, distribución, fabricación o copyright ©2008
300 ## - DESCRIPCION FISICA [R]
Extensión [R] páginas 63-72 :
Otros detalles físicos [NR] Tablas, fotografías.
336 ## - TIPO DE CONTENIDO
Término de tipo de contenido texto
Código de tipo de contenido txt
Fuente rdacontent
337 ## - TIPO DE MEDIO
Nombre/término del tipo de medio sin mediación
Código del tipo de medio n
Fuente rdamedia
338 ## - TIPO DE SOPORTE
Nombre/término del tipo de soporte volumen
Código del tipo de soporte nc
Fuente rdacarrier
500 ## - NOTA GENERAL [R]
Nota general [NR] Contiene resumen en español e inglés.
504 ## - NOTA DE BIBLIOGRAFIA, ETC. [R]
Nota de bibliografía, etc. [NR] Incluye 22 referencias bibliográficas.
520 ## - NOTA DE RESUMEN, ETC. [R]
Nota de sumario, etc. [NR] As a result of the research activities on alternatives for the handling of the bud rot (PC for its name in Spanish) of the oil palm, there are several recommendations. The process is started with the early diagnosis of the disease, using a severity scale, based on the symptoms in the younger spear leaf with more than 30 cm in length, developed for nursery palms. In older palms there is evaluated the damage of the tips of some leaflets in the younger leaf (bite), that is a good indicator in palms of any age, that promote the need to inspect the spears, to confirm the diagnosis, when this symptoms are observed. As a reaction to the presence of early stages of PC, it is recommended the elimination of the affected tissue and in more advanced cases, the eradication of the diseased palm. The elimination of the affected tissue is complemented with the treatment with an insecticide and a mixture of fungicides and bactericides applied to the exposed tissue, the first to prevent the attack of insects and the last to protect against microorganisms that might find the opportunity to penetrate throughout the wounds produced. It is necessary to follow up the development of the treated palms to verify the emission of new healthy leaves and to repeat the treatment when needed. Besides there is a spray program of insecticide, bactericides and fungicides, to the base of the spear leaf of the treated palms and of the surrounding ones, to control different pathogens and insects associated with the bud rot. This work is complemented with the flaming of the areas exposed during the surgery, in cases in which this goes deeper in the bud area, to control the reproductive structures of different microorganisms.
520 ## - NOTA DE RESUMEN, ETC. [R]
Nota de sumario, etc. [NR] Como resultado de las investigaciones adelantadas sobre alternativas de manejo de la Pudrición del cogollo (PC) de la Palma de aceite, en este artículo se propone una serie de recomendaciones. El proceso se inicia con un diagnóstico temprano de la enfermedad, utilizando la evaluación de los síntomas en la flecha más joven con más de 30 cm de largo, según la Escala de severidad desarrollada para palmas de vivero. En palmas de mayor edad se evalúa el daño en los extremos de los folíolos de la hoja más joven (mordisco), siendo éste un indicador apropiado para palmas de cualquier edad, que genera la necesidad de hacer la inspección de las flechas para confirmar el diagnóstico en los casos en los cuales se presenta. Como reacción a la presencia de los estados tempranos de la PC, se recomienda la eliminación del tejido afectado y, en los casos más avanzados, la erradicación de la palma enferma. Esta práctica de eliminación del tejido enfermo se complementa con un tratamiento con insecticida y una mezcla de fungicida-bactericida, aplicada al tejido expuesto; el primero, para prevenir el ataque de insectos, y la última, para proteger contra los microorganismos que puedan encontrar la oportunidad de penetrar por las heridas realizadas. Se debe hacer un seguimiento a las palmas tratadas para verificar la emisión de hojas sanas; en caso contrario se debe repetir la operación. Además se implementa un programa de aspersiones de insecticida, fungicidas y bactericidas, dirigidas a la base de las flechas, tanto de las palmas tratadas como de sus vecinas, con una serie de productos que permitan el control de una gama amplia de microorganismos patógenos e insectos asociados con la PC. El trabajo es complementado con un flameo de la zona, en las cirugías más profundas, para controlar estructuras reproductivas de diferentes microorganismos.
650 #0 - ASIENTO SECUNDARIO DE MATERIA - TERMINO TEMATICO [R]
Término temático o nombre geográfico como elemento de entrada [NR] Manejo integral de plagas
9 (RLIN) 33622.
650 #0 - ASIENTO SECUNDARIO DE MATERIA - TERMINO TEMATICO [R]
Término temático o nombre geográfico como elemento de entrada [NR] Pudrición del cogollo
9 (RLIN) 30852.
650 #0 - ASIENTO SECUNDARIO DE MATERIA - TERMINO TEMATICO [R]
Término temático o nombre geográfico como elemento de entrada [NR] Palma de aceite
9 (RLIN) 37678.
700 1# - ASIENTO SECUNDARIO - NOMBRE PERSONAL [R]
Nombre personal [NR] Ariza, Josué G.
9 (RLIN) 41327.
700 1# - ASIENTO SECUNDARIO - NOMBRE PERSONAL [R]
Nombre personal [NR] Aya, Héctor A.
9 (RLIN) 41328.
700 1# - ASIENTO SECUNDARIO - NOMBRE PERSONAL [R]
Nombre personal [NR] Morales, Leidy
9 (RLIN) 41336.
700 1# - ASIENTO SECUNDARIO - NOMBRE PERSONAL [R]
Nombre personal [NR] Salcedo, Sara
9 (RLIN) 41337.
700 1# - ASIENTO SECUNDARIO - NOMBRE PERSONAL [R]
Nombre personal [NR] Sarria, Greicy A.
9 (RLIN) 41330.
700 1# - ASIENTO SECUNDARIO - NOMBRE PERSONAL [R]
Nombre personal [NR] Torres, Gabriel A.
9 (RLIN) 41331.
700 1# - ASIENTO SECUNDARIO - NOMBRE PERSONAL [R]
Nombre personal [NR] Varón, Francia
9 (RLIN) 41332.
773 0# - ASIENTO DEL ITEM FUENTE [R]
Asiento principal [NR] Palmas (Colombia)
Información sobre la relación [R] v. 29, no. 3 Edición especial (2008), p.63-72
Número de control del registro [R] A-
Número Internacional Normalizado para Publicaciones Seriadas - ISSN [NR] 0121-2923
942 ## - ELEMENTOS DE ENTRADA AGREGADOS (KOHA)
Sistema de clasificación Local
Tipo de ítem principal el descrito en 300a Artículo
999 ## - NÚMEROS DE SISTEMAS DE CONTROL (KOHA)
Koha biblionumber 26521
Existencias
Estado de retiro (OPAC) Perdido Sistema de clasificación Dañado No prestable Ubicación habitual Ubicación actual Fecha de creación Total préstamos Signatura topográfica Código de barras Última vez visto Ejemplar Price effective from Tipo de ítem
    Local     1 - CID Palmero Bogotá 1 - CID Palmero Bogotá 10/21/2013   A- R-11756 10/21/2013 Ej. 1 10/21/2013 Artículo